000 00587nam a2200229Ia 4500
003 OSt
005 20221005115029.0
006 a|||||r|||| 00| 0
007 ta
008 221004b |||||||| |||| 00| 0 eng d
024 _a44647
037 _cTextual
040 _aCRL
_cCRL
_beng
041 _2eng
_aeng
082 _aPjL46, H8-;1
100 _aJones William
245 0 _aBicentenary of his birth
_b Commemoration volume 1746-1946
260 _c1948
650 _aLINGUISTICS
942 _hPjL46, H8-;1
_cTEXL
_2cc
999 _c1033241
_d1033241